Sports Quiz

Random Sports or Numbers Quiz

Number Retired by Two Teams (NHL) Quiz Stats

 Plays Quiz Updated Jun 25, 2019

Score 0/6 Timer 03:00
4 Plays Today
Team Player % Correct
Edmonton OilersWayne Gretzky
97.8%
New York RangersMark Messier
82.5%
Colorado AvalanchePatrick Roy
82.3%
Detroit Red WingsGordie Howe
69.5%
Boston BruinsRay Bourque
67.4%
Chicago BlackhawksBobby Hull
61.4%

You're not logged in!

Compare scores with friends on all Sporcle quizzes.
OR
Log In

Sporcle TV

Today on Sporcle TV


Watch our educational content, quiz creation guides, and fun videos on Sporcle TV.

Show Comments

Extras

Top Quizzes Today


Score Distribution

Your Account Isn't Verified!

In order to create a playlist on Sporcle, you need to verify the email address you used during registration. Go to your Sporcle Settings to finish the process.

Report this User

Report this user for behavior that violates our Community Guidelines.

Details: